• 首页
  • 本馆介绍
  • 公告通知
  • 最新文献
  • 馆藏检索
  • 电子资源
  • 读者荐购
  • 参考咨询
  • CALIS
  • 我的图书馆
  • 登录
  • 详细信息显示
  • 放入我的书架
  • 预约/预借图书
  • 作者相关作品
  • 分类相关作品
  • 丛书相关作品
  • 出版社相关作品

书目信息

  • 表格格式
  • 工作单格式
  • 卡片格式
题名:
恭喜你, 答对了!
    
 
作者: 艾柯 编译
分册:  
出版信息: 北京   文化艺术出版社  2009.11
页数: 256页
开本: 23cm
丛书名: 英文爱藏
单 册:
中图分类: H319.4:I
科图分类:
主题词: 英语--ying yu--汉语--对照读物 , 故事--gu shi--世界--作品集
电子资源:
ISBN: 978-7-5039-3986-0
 
 
 
 
 
000 00964nam 2200277 450
001 012010539793
005 20100601094741.67
010    @a978-7-5039-3986-0@dCNY22.80
100    @a20100601d2009 em y0chiy0120 ea
101 0  @achi@aeng
102    @aCN@b110000
105    @aa z 000fy
106    @ar
200 1  @a恭喜你, 答对了!@Agong xi ni,da dui le!@d= Congratulate, you are right!@f艾柯编译@Fai ke bian yi@zeng
210    @a北京@c文化艺术出版社@d2009.11
215    @a256页@c图@d23cm
225 2  @a英文爱藏@Aying wen ai cang@i脑筋急转弯@v11
330    @a本书收录了多篇故事,内容包括:木桶里的酒、水壶分水、真假玫瑰花、聪明的犯人、两位总统等。
410  0 @12001 @a英文爱藏@i脑筋急转弯
510 1  @aCongratulate, you are right!@zeng
606 0  @a英语@Aying yu@x汉语@j对照读物
606 0  @a故事@Agu shi@y世界@j作品集
690    @aH319.4:I@v4
701  0 @a艾柯@Aai ke@4编译
801  0 @aCN@bQSSK@c20100601
905    @b780118-20@dH319.4:I@eA361@f3
    
    恭喜你, 答对了!= Congratulate, you are right!/艾柯编译.-北京:文化艺术出版社,2009.11
    256页:图;23cm.-(英文爱藏.脑筋急转弯;11)
    
    
    ISBN 978-7-5039-3986-0:CNY22.80
    本书收录了多篇故事,内容包括:木桶里的酒、水壶分水、真假玫瑰花、聪明的犯人、两位总统等。
●
相关链接 在E读中查询图书 在当当中查询图书 在豆瓣中查询图书


正题名:恭喜你, 答对了!     索取号:H319.4:I/A361         预约/预借

序号 登录号 条形码 馆藏地/架位号 状态 备注
1 780118   207801182   语言库209/209语言库 52排5列5层/ [索取号:H319.4:I/A361] 在馆    
2 780119   207801191   语言库209/209语言库 52排5列5层/ [索取号:H319.4:I/A361] 在馆    
3 780120   207801208   语言库209/209语言库 52排5列5层/ [索取号:H319.4:I/A361] 在馆    
河南城建学院图书馆 欢迎您!
大连网信软件有限公司© 版权所有